000 00730nam a2200265Ia 4500
003 OSt
005 20220928110459.0
006 a|||||r|||| 00| 0
007 ta
008 220927b |||||||| |||| 00| 0 eng d
024 _a67993
037 _cTextual
040 _aSDCL
_cSDCL
_beng
041 _2eng
_aeng
082 _aX:328.2'P, P3
100 _aTaneja Satish
_9419668
245 0 _aEntrepreneur development
_bNew venture creation
250 _a2
260 _aNew Delhi
_bGalgotia Publishing
_c2006
300 _a486p
_ccm.
650 _aEnterprenurship India
_9419669
700 _a Gupta S L
_9419670
942 _hX:328.2'P, P3
_cTEXL
_2CC
999 _c735811
_d735811